| 000 | 01884nam a2200253Ia 4500 | ||
|---|---|---|---|
| 008 | 260220t1969||||xx |||||||||||||| ||spa|| | ||
| 040 |
_aPY-SlUNAC _bspa _erda |
||
| 041 | _aspa | ||
| 082 |
_a669.9 _bSey93t |
||
| 100 |
_aSeybolt, A. V. _eAutor |
||
| 245 | 0 |
_aTécnicas de metalurgia experimental / _cpor A. V. Seybolt [Autor] y Burke J. E. [Autor] |
|
| 264 |
_aCiudad de México : _bCentro Regional de Ayuda Técnica, _c℗1969. |
||
| 300 | _a1 volumen | ||
| 520 | _aEl libro "Técnicas de metalurgia experimental" de A. V. Seybolt presenta un enfoque sistemático sobre los métodos y procedimientos utilizados en la metalurgia experimental, destacando la importancia de la investigación en el desarrollo de materiales metálicos. A través de un análisis detallado, Seybolt examina las técnicas de laboratorio que permiten la evaluación de propiedades físicas y mecánicas de los metales, así como la influencia de las variables de proceso en su comportamiento. El texto aborda temas como la preparación de muestras, ensayos de tracción, dureza y fatiga, además de la caracterización microestructural mediante técnicas avanzadas de análisis. Asimismo, se discuten aplicaciones prácticas de estas técnicas en la industria, subrayando su relevancia para la innovación en la producción de aleaciones y la mejora de procesos metalúrgicos. El libro se erige como una referencia fundamental para estudiantes e investigadores en el campo de la metalurgia, promoviendo el entendimiento y la aplicación de métodos experimentales en la ciencia de materiales. | ||
| 653 | _aMateriales metálicos | ||
| 653 | _aMetalurgia | ||
| 653 | _aTécnicas experimentales | ||
| 700 |
_aBurke J. E. _eAutor |
||
| 942 |
_b2026/02/17 _cBK |
||
| 999 |
_c8833 _d8833 |
||